Library of the University of Algiers 3
Ibrahim Sultan Cheibout
شعار جامعة الجزائر 3
مكتبة جامعة الجزائر 3
إبراهيم سلطان شيبوط

الحاسوب و الاحصاء الاجتماعي / (رقم التسجيلة. 43747)

تفاصيل مارك
000 -LEADER
fixed length control field 01264nam a2200229Ia 4500
003 - CONTROL NUMBER IDENTIFIER
control field Ost
005 - DATE AND TIME OF LATEST TRANSACTION
control field 20260507075256.0
008 - FIXED-LENGTH DATA ELEMENTS--GENERAL INFORMATION
fixed length control field 260507s9999||||xx |||||||||||||| ||und||
020 ## - INTERNATIONAL STANDARD BOOK NUMBER
International Standard Book Number 702342897
040 ## - CATALOGING SOURCE
Transcribing agency fsecg
041 ## - LANGUAGE CODE
Language code of text/sound track or separate title ara
082 ## - DEWEY DECIMAL CLASSIFICATION NUMBER
Classification number 330
100 ## - MAIN ENTRY--PERSONAL NAME
Personal name الصيرفي، محمد
Relator term مؤلف
245 #0 - TITLE STATEMENT
Title الحاسوب و الاحصاء الاجتماعي /
Statement of responsibility, etc. محمد الصيرفي
260 ## - PUBLICATION, DISTRIBUTION, ETC.
Place of publication, distribution, etc. الاسكندرية:
Name of publisher, distributor, etc. دار الوفاء,
Date of publication, distribution, etc. 2007
300 ## - PHYSICAL DESCRIPTION
Extent 720 صفحة؛
Other physical details إيضاحات ؛
Dimensions 25 سم
520 ## - SUMMARY, ETC.
Summary, etc. الاحصاء الاجتماعي ، جمع البيانات و تنظيمها و عرضها ، الاحتمالات ، مقاييس النزعة المركزية و مقاييس التشتت و الالتواء و التفلطح ، الارتباطك البسيط ، تحليل الانحدار البسيط ، الانحدار المتعدد و الارتباط المتعدد ، اختبارات القروض و تحليل التباين ، السلاسل الزمنية و الارقام القياسية ، الاحصاءات الحيوية مع وجود تمارين متنوعة.
653 ## - INDEX TERM--UNCONTROLLED
Uncontrolled term الاحصاء
653 ## - INDEX TERM--UNCONTROLLED
Uncontrolled term الاحصاءات الاجتماعية
653 ## - INDEX TERM--UNCONTROLLED
Uncontrolled term الحاسوب
942 ## - ADDED ENTRY ELEMENTS (KOHA)
Koha item type كتب
المقتنيات
Withdrawn status Lost status Source of classification or shelving scheme Damaged status Not for loan Home library Current library Date acquired Serial enumeration / chronology Inventory number Total checkouts Full call number Barcode Date last seen Price effective from Koha item type
    Dewey Decimal Classification   NOT LOAN / إعارة داخلية مكتبة كلية العلوم الإقتصادية والعلوم التجارية وعلوم التسيير مكتبة كلية العلوم الإقتصادية والعلوم التجارية وعلوم التسيير 07/05/2026 الطابق الأرضي 2011/7676   أ/3769ن1 2011/7676 07/05/2026 07/05/2026 كتب
    Dewey Decimal Classification   Available مكتبة كلية العلوم الإقتصادية والعلوم التجارية وعلوم التسيير مكتبة كلية العلوم الإقتصادية والعلوم التجارية وعلوم التسيير 07/05/2026 الطابق الأرضي 2011/7677   أ/3769ن2 2011/7677 07/05/2026 07/05/2026 كتب
    Dewey Decimal Classification   Available مكتبة كلية العلوم الإقتصادية والعلوم التجارية وعلوم التسيير مكتبة كلية العلوم الإقتصادية والعلوم التجارية وعلوم التسيير 07/05/2026 الطابق الثاني 2011/7678   أ/3769ن3 2011/7678 07/05/2026 07/05/2026 كتب

موارد الويب المفتوحة


© University of Algiers 3 All Rights Reserved
|
Implemented by LECHELAH Riad